Years of establishment - Restaurants, Fast Food chains Quiz Stats

 Plays Quiz not verified by Sporcle

Challenge
Share
Tweet
Embed
Score 0/50 Timer 10:00
0 Plays Today
Year Restaurant name % Correct
1940Mcdonald's
98.2%
1953Burger King
91.7%
1969Wendy's
84.4%
1958Pizza Hut
79.8%
1964Arby's
78%
1965Subway
77.1%
1930KFC
75.2%
1962Taco Bell
73.4%
1960Dominos
67.9%
1945Sonic
63.3%
1971Starbucks
63.3%
1941Jack in the Box
57.8%
1984Papa John's
57.8%
1950Dunkin Donuts
56.9%
1921White Castle
55%
1960Hardee's
53.2%
1940Dairy Queen
52.3%
1967Chick fil a
49.5%
1959Little Caesar's
46.8%
1972Popeye's
45.9%
1981Quiznos
45%
1948In N Out
41.3%
1958IHOP
40.4%
1941Carls Jr
39.4%
1983Panda Express
38.5%
Year Restaurant name % Correct
1993Chipotle
35.8%
1937Krispy Kreme
35.8%
1982Olive Garden
34.9%
1952Church's
31.2%
1986Checkers
30.3%
1964Del Taco
30.3%
1921A&W
29.4%
1934Steak N Shake
29.4%
1990Zaxby's
28.4%
1968Red Lobster
28.4%
1975Chili's
28.4%
1993Panera Bread
27.5%
1975El Pollo Loco
22%
1965TGI Fridays
21.1%
1964Tim Hortons
20.2%
1988Outback Steakhouse
19.3%
1969Captain D's
18.3%
1990Jamba Juice
17.4%
1985California Pizza Kitchen
15.6%
1971Hard Rock Cafe
11%
1972Ruby Tuesdays
9.2%
1958Sizzler
9.2%
1978Cheesecake Factory
7.3%
1964Togos
0%
1928White Spot
0%

You're not logged in!

Compare scores with friends on all Sporcle quizzes.
Join for Free
OR
Log In

You Might Also Like...

Show Comments

Extras

Top Quizzes Today


Score Distribution

Your Account Isn't Verified!

In order to create a playlist on Sporcle, you need to verify the email address you used during registration. Go to your Sporcle Settings to finish the process.

Report this User

Report this user for behavior that violates our Community Guidelines.

Details: